| 000 | 00455nam a2200193Ia 4500 | ||
|---|---|---|---|
| 005 | 20240823021556.0 | ||
| 008 | 240823s9999||||xx |||||||||||||| ||und|| | ||
| 020 | _a81-203-2964-8 | ||
| 041 | _aENGLISH | ||
| 082 | _A658.15 P6 | ||
| 100 | _aChandra Bose D | ||
| 245 | 0 | _aFinancial Management | |
| 250 | _a1st | ||
| 260 |
_c2006 _b"PHI,New " _aNew Delhi |
||
| 500 | _aYES | ||
| 650 |
_aFinance _bManagement Studies |
||
| 942 | _cBK | ||
| 999 |
_c177305 _d177305 |
||